Biblioteka Instytutu Północnego w Olsztynie

Pamiętnik Mierosławskiego (1861-1863) / (Rekord nr 27889)

Szczegóły MARC
000 -Nagłówek
fixed length control field 01727cam a2200469 i 4500
001 - Nr kontrolny bibl., która utworzyła rek.
control field zz2005924339
003 - Siglum bibl., której nr kontr. jest w 001
control field NUKAT
005 - Data i czas ostatniej operacji
control field 20260429231643.0
008 - Elementy pola stałej długości
fixed length control field 050715s1924 pl a g |001 0bpol c
035 ## - Systemowy numer kontrolny
systemowy numer kontrolny (OCoLC)69480382
035 ## - Systemowy numer kontrolny
systemowy numer kontrolny (NUKAT)zz2005924339
040 ## - Instytucja sporządzająca opis
Instytucja, która sporządziła opis LUBL M/mm
Instytucja, która sporządziła rekord LUBL M/mm
Instytucja, która zmodyfikowała rekord LUBL M/JD
-- LUBL U/ILs
045 2# - Okres czasu dla zawartości
czas między r. 9999 pne a nasz. czas. d1861
-- d1863
046 ## - Kod rodz. daty, data1, data2 (daty pne)
Begin/single date 1924
100 1# - Hasło główne-nazwa osobowa
Nazwa osobowa Mierosławski, Ludwik
Daty biograficzne (1814-1878).
9 (RLIN) 12502
245 10 - Tytuł właściwy i oznaczenie odpow.
tytuł Pamiętnik Mierosławskiego (1861-1863) /
dod. inf. ze s. tyt./ozn. odpow. wydał Józef Frejlich.
260 ## - Adres wydawniczy
miejsce wydania, dystrybucji itp. Warszawa :
nazwa wydawcy, dystrybutora itp. Instytut Wydawniczy "Bibljoteka Polska",
data wydania, dystrybucji itp. 1924 (Bydgoszcz :
nazwa drukarni Zakłady Graficzne Instytutu Wydawniczego "Bibljoteka Polska").
300 ## - Opis fizyczny
objętość i/lub forma materiału [4], V, [1], 214, [1] s., [1] k. tabl. :
inne szczegóły opisu fizycznego il. ;
format 23 cm.
336 ## - Content Type
Term Tekst
Code txt
Source rdacontent
337 ## - Media Type
Term Bez urządzenia pośredniczącego
Code n
Source rdamedia
338 ## - Carrier Type
Term Wolumin
Code nc
Source rdacarrier
380 ## - Form of work
Form of work Książki
380 ## - Form of work
Form of work Literatura faktu, eseje, publicystyka
386 ## - Creator/Contributor Characteristics
Demographic group term Przynależność kulturowa
Creator/contributor term Literatura polska
388 1# - TIME PERIOD OF CREATION
Time period of creation term 1901-2000
388 1# - TIME PERIOD OF CREATION
Time period of creation term 1918-1939
490 1# - Tytuł serii i ks. wielotom.-nie do wysz.
oznaczenie serii Czasy i Ludzie
504 ## - Uwaga o bibliografii
uwaga o bibliografii Indeks.
600 17 - Hasło przedmiotowe-nazwa osobowa
nazwa osobowa Mierosławski, Ludwik
daty biograficzne (1814-1878)
źródło hasła DBN
9 (RLIN) 38692
600 17 - Hasło przedmiotowe-nazwa osobowa
nazwa osobowa Mierosławski, Ludwik
daty biograficzne (1814-1878)
określnik formy pamiętniki.
źródło hasła kaba
9 (RLIN) 40957
648 #7 - SUBJECT ADDED ENTRY--CHRONOLOGICAL TERM
Chronological term 1801-1900
Source of heading or term DBN
9 (RLIN) 36037
650 #7 - Hasło przedmiotowe-nazwa pospolita
nazwa pospolita lub geogr. Dowódcy
źródło hasła DBN
9 (RLIN) 39509
650 #7 - Hasło przedmiotowe-nazwa pospolita
nazwa pospolita lub geogr. Politycy
źródło hasła DBN
9 (RLIN) 36070
650 #7 - Hasło przedmiotowe-nazwa pospolita
nazwa pospolita lub geogr. Powstanie styczniowe (1863-1864)
źródło hasła DBN
9 (RLIN) 35768
650 #7 - Hasło przedmiotowe-nazwa pospolita
nazwa pospolita lub geogr. Wojsko
źródło hasła DBN
9 (RLIN) 35355
655 #7 - Termin określający rodzaj/formę
rodzaj/forma Pamiętniki i wspomnienia
źródło terminu DBN
9 (RLIN) 35005
658 ## - Nazwa określająca cel programu nauczania
główny cel programu nauczania Bezpieczeństwo i wojskowość
658 ## - Nazwa określająca cel programu nauczania
główny cel programu nauczania Historia
700 1# - Hasło dodatkowe - nazwa osobowa
nazwa osobowa Frejlich, Józef
daty biograficzne (1884-1976).
rodzaj współpracy Wyd.
9 (RLIN) 40406
830 #0 - Hasło dod. serii i op. ks. wielotom. -tyt
tytuł Czasy i Ludzie (Warszawa)
9 (RLIN) 15093
942 ## - ADDED ENTRY ELEMENTS (KOHA)
Source of classification or shelving scheme Dewey Decimal Classification
Koha item type pozycje dostępne na miejscu
Egzemplarze
Status wycofania Status zagubienia Klasyfikacja Status uszkodzenia Blokada wypożyczeń Kolekcja Lokalizacja macierzysta Lokalizacja bieżąca Data nabycia Numer akcesji Źródło akcesji Nr inwentarzowy il. wypożyczeń Sygnatura Kod kreskowy Date last seen Price effective from Typ egz.
    Dewey Decimal Classification nieuszkodzona   Pracownia Badań Księgozbiorów Historycznych Biblioteka Instytutu Północnego w Olsztynie Pracownia Badań Księgozbiorów Historycznych 29/04/2026 K-66/1965 kupno 16378   16378 IPWK16707 29/04/2026 29/04/2026 pozycje dostępne na miejscu
Biblioteka Instytutu Północnego, ul. Partyzantów 87, 10-402 Olsztyn, email: biblioteka(at)ip.olsztyn.pl